| 000 | 00326nam a2200109Ia 4500 | ||
|---|---|---|---|
| 008 | 160909s9999 xx 000 0 und d | ||
| 100 | _aThomas, Brian | ||
| 245 | _aEmergency room nurse burnout | ||
| 260 |
_bPepperdine University _c2016 |
||
| 650 | _aNursing | ||
| 856 | _uhttp://pqdtopen.proquest.com/doc/1805061676.html?FMT=ABS | ||
| 999 |
_c303882 _d303882 |
||